INDIA'S ANCIENT PAST (Record no. 11583)

MARC details
000 -LEADER
fixed length control field 00315nam a22001457a 4500
003 - CONTROL NUMBER IDENTIFIER
control field SGT
020 ## - INTERNATIONAL STANDARD BOOK NUMBER
International Standard Book Number 9780195687859
082 ## - DEWEY DECIMAL CLASSIFICATION NUMBER
Classification number 934,SHA
100 ## - MAIN ENTRY--PERSONAL NAME
Personal name SHARMA,R.S.
245 ## - TITLE STATEMENT
Title INDIA'S ANCIENT PAST
260 ## - PUBLICATION, DISTRIBUTION, ETC. (IMPRINT)
Place of publication, distribution, etc NEW DELHI
Name of publisher, distributor, etc OXFORD
Year of Publication 2017
300 ## - PAGE DESCRIPTION
No. of Pages 387
650 ## - SUBJECT ADDED ENTRY--TOPICAL TERM
Topical term or geographic name as entry element INDIA'S ANCIENT PAST
942 ## - ADDED ENTRY ELEMENTS (KOHA)
Source of classification or shelving scheme Dewey Decimal Classification
Koha item type Books
942 ## - ADDED ENTRY ELEMENTS (KOHA)
-- 25
Holdings
Withdrawn status Lost status Source of classification or shelving scheme Damaged status Not for loan Collection code Home library Current library Shelving location Date acquired Vendor Name Cost, normal purchase price SGTU Bill Number Total Checkouts Total Renewals Full call number Accession No. (Barcode) Date last seen Date last borrowed Bill Date Koha item type
    Dewey Decimal Classification     LAW SGT Science & Social Sciences Library SGT Science & Social Sciences Library Text Book 18/05/2017 COMMERCIAL BOOK HOUSE 335.00 SGTU IN388 22 5 934,SHA FL1892 08/02/2022 08/02/2022 08/05/2017 Books
    Dewey Decimal Classification     LAW SGT Science & Social Sciences Library SGT Science & Social Sciences Library Text Book 18/05/2017 COMMERCIAL BOOK HOUSE 335.00 SGTU IN388 23 8 934,SHA FL1893 20/11/2024 08/11/2024 08/05/2017 Books
    Dewey Decimal Classification     LAW SGT Science & Social Sciences Library SGT Science & Social Sciences Library Text Book 18/05/2017 COMMERCIAL BOOK HOUSE 335.00 SGTU IN388 20 6 934,SHA FL1894 10/01/2023 09/01/2023 08/05/2017 Books
    Dewey Decimal Classification     LAW SGT Science & Social Sciences Library SGT Science & Social Sciences Library Text Book 18/05/2017 COMMERCIAL BOOK HOUSE 335.00 SGTU IN388 15 1 934,SHA FL1895 10/01/2023 04/01/2023 08/05/2017 Books
    Dewey Decimal Classification   Not For Loan LAW SGT Science & Social Sciences Library SGT Science & Social Sciences Library Reference Book 18/05/2017 COMMERCIAL BOOK HOUSE 335.00 SGTU IN388     934,SHA FL1896 18/05/2017   08/05/2017 Books